[Event "VII OPEN AMATEUR CALVIA"]
[Site "Calvia - Mallorca (España)"]
[Date "2010.10.11"]
[Round "3"]
[Board "1"]
[White "Suuronen, Petri"]
[Black "Gaya Llodra, Juan"]
[Result "0-1"]
[WhiteElo "1916"]
[BlackElo "2216"]
[PlyCount "88"]
[EventDate "2010.10.09"]
[EventRounds "9"]
[EventCountry "ESP"]

1.e4 g6 2.c4 c5 3.Nf3 Bg7 4.d4 cxd4 5.Nxd4 Nc6 6.Be3 Nf6 7.Nc3 Ng4 8.Qxg4 Nxd4
9.Qd1 Nc6 10.Qd2 d6 11.Be2 Be6 12.Rc1 Qa5 13.b3 Rc8 14.O-O O-O 15.Kh1 f5 16.exf5
gxf5 17.Bh6 Bxh6 18.Qxh6 Rf6 19.Qd2 f4 20.Rfd1 Kh8 21.Bf3 Rg8 22.Qb2 Rg7 23.Nd5
Rf8 24.b4 Qd8 25.b5 Ne5 26.Qe2 Bxd5 27.Rxd5 Qe8 28.Bh5 Qc8 29.Bf3 Qe8 30.Bh5 f3
31.Bxe8 fxe2 32.Bh5 Rxf2 33.Bxe2 Rxe2 34.Rf1 Rgxg2 35.Rf8+ Kg7 36.Rf4 Rxh2+
37.Kg1 Reg2+ 38.Kf1 Rxa2 39.Kg1 Rhd2 40.Rxd2 Rxd2 41.c5 dxc5 42.Ra4 c4 43.Rxa7
c3 44.Rxb7 c2

[Event "VII OPEN AMATEUR CALVIA"]
[Site "Calvia - Mallorca (España)"]
[Date "2010.10.11"]
[Round "3"]
[Board "1"]
[White "Rodriguez Garcia, Jesus"]
[Black "Galiana Salom, Juan Ramon"]
[Result "0-1"]
[WhiteElo "1928"]
[BlackElo "2204"]
[PlyCount "64"]
[EventDate "2010.10.09"]
[EventRounds "9"]
[EventCountry "ESP"]

1.Nf3 f5 2.g3 g6 3.Bg2 Bg7 4.d4 c6 5.O-O Nh6 6.c3 Nf7 7.Nbd2 O-O 8.Qb3 Kh8 9.Nc4
d6 10.a4 Qc7 11.Qc2 e5 12.dxe5 dxe5 13.e4 Be6 14.Ncd2 f4 15.Re1 g5 16.b3 Bf6
17.Ba3 Rg8 18.Rec1 g4 19.Ne1 Ng5 20.Kh1 Qf7 21.Bf1 Qh5 22.Nc4 Nxe4 23.Kg1 Ng5
24.Nd6 Nd7 25.Ne4 Nxe4 26.Qxe4 Rg6 27.Bc4 Bf5 28.Qg2 Rh6 29.Be2 f3 30.Bxf3 gxf3
31.Qxf3 Qxh2+ 32.Kf1 Bh3+

[Event "VII OPEN AMATEUR CALVIA"]
[Site "Calvia - Mallorca (España)"]
[Date "2010.10.11"]
[Round "3"]
[Board "1"]
[White "Carrasco Sagredo, Manuel"]
[Black "Oliver Font, Jose Luis"]
[Result "1-0"]
[WhiteElo "2157"]
[BlackElo "1902"]
[PlyCount "81"]
[EventDate "2010.10.09"]
[EventRounds "9"]
[EventCountry "ESP"]

1.d4 Nf6 2.c4 c5 3.d5 b5 4.Nd2 g6 5.e4 d6 6.b3 Bg7 7.Bb2 Nbd7 8.cxb5 a6 9.Ngf3
O-O 10.Qc2 Qa5 11.Bc3 Qc7 12.a4 Ng4 13.h3 Nge5 14.Nxe5 Bxe5 15.Nf3 Bxc3+ 16.Qxc3
Nf6 17.Nd2 Bd7 18.bxa6 Rfb8 19.Bc4 Bc8 20.O-O Bxa6 21.Rfe1 Bxc4 22.Nxc4 Rb4
23.Re3 Qb7 24.Rae1 Qa6 25.Rf3 Rab8 26.Qc2 Nd7 27.Ree3 f6 28.Rg3 Ne5 29.Nxe5 fxe5
30.Rc3 Qb6 31.h4 Qd8 32.h5 Kg7 33.Qd2 Rxe4 34.hxg6 hxg6 35.Qg5 Qe8 36.Rh3 Qf7
37.Rcf3 Rf4 38.Qh6+ Kf6 39.Rxf4+ exf4 40.Qxf4+ Kg7 41.Rh7+

[Event "VII OPEN AMATEUR CALVIA"]
[Site "Calvia - Mallorca (España)"]
[Date "2010.10.11"]
[Round "3"]
[Board "1"]
[White "Draghici Flutur, Gavril"]
[Black "Jernselius, Kjell"]
[Result "1-0"]
[WhiteElo "2152"]
[BlackElo "1897"]
[PlyCount "91"]
[EventDate "2010.10.09"]
[EventRounds "9"]
[EventCountry "ESP"]

1.e4 g6 2.d4 Bg7 3.Nc3 d6 4.Bg5 c6 5.Qd2 b5 6.f4 a5 7.Nf3 b4 8.Nd1 Nf6 9.Bd3 Ba6
10.Nf2 O-O 11.O-O Qc7 12.c3 Bxd3 13.Qxd3 c5 14.e5 c4 15.Qd2 dxe5 16.fxe5 Nd5
17.Bh6 bxc3 18.bxc3 Nc6 19.Bxg7 Kxg7 20.Ng4 f6 21.Rae1 Qd7 22.e6 Qd6 23.Qh6+ Kg8
24.Ng5 fxg5 25.Rf7 Rxf7 26.exf7+ Kxf7 27.Qxh7+ Ke8 28.Qh8+ Kd7 29.Qxa8 Nxc3
30.Ne5+ Nxe5 31.Qa7+ Qc7 32.Qxc7+ Kxc7 33.Rxe5 Kb6 34.Rc5 Nxa2 35.Rxc4 Kb5
36.Rc5+ Kb4 37.Rxg5 Nc3 38.Rxg6 Ne2+ 39.Kf2 Nxd4 40.h4 a4 41.h5 a3 42.Ra6 Nf5
43.h6 Nd6 44.Rxd6 exd6 45.h7 Kb3 46.h8=Q

[Event "VII OPEN AMATEUR CALVIA"]
[Site "Calvia - Mallorca (España)"]
[Date "2010.10.11"]
[Round "3"]
[Board "1"]
[White "Razola, Garcia Joaquin"]
[Black "Carrasco Fernandez, Manuel"]
[Result "1-0"]
[WhiteElo "2112"]
[BlackElo "1869"]
[PlyCount "123"]
[EventDate "2010.10.09"]
[EventRounds "9"]
[EventCountry "ESP"]

1.e4 e5 2.Nf3 Nc6 3.Bc4 Bc5 4.c3 Bb6 5.d4 exd4 6.cxd4 d6 7.h3 Nf6 8.O-O O-O
9.Nc3 Ne7 10.Bg5 Ne8 11.Nd5 Nf6 12.Nxe7+ Qxe7 13.e5 dxe5 14.dxe5 Qb4 15.Qc2 Nd7
16.a3 Qc5 17.Qe4 Qc6 18.Bd5 Qg6 19.Bxb7 Bxb7 20.Qxb7 Nxe5 21.Bf4 Nxf3+ 22.Qxf3
Rad8 23.Rac1 Rd3 24.Qg4 Qxg4 25.hxg4 Rd7 26.Rc6 f6 27.Rfc1 Rff7 28.Kf1 Rfe7
29.b4 a5 30.bxa5 Bxa5 31.Be3 h6 32.a4 Re4 33.R6c4 Rxc4 34.Rxc4 Rd1+ 35.Ke2 Rd5
36.f4 Kf7 37.Kf3 Rd3 38.Ke4 Ra3 39.f5 Ra2 40.Kd5 Rxg2 41.Kc6 Re2 42.Kb5 Rxe3
43.Kxa5 Re7 44.Kb5 Ke8 45.a5 Kd8 46.Kc6 Kc8 47.Rb4 Rd7 48.Re4 Rd6+ 49.Kc5 Kd7
50.Kb5 Rd5+ 51.Kb4 h5 52.a6 Kc6 53.Re6+ Rd6 54.gxh5 Kb6 55.Kc4 Kxa6 56.Rxd6+
cxd6 57.Kd5 Kb5 58.Kxd6 Kc4 59.Ke6 Kd4 60.Kf7 Ke4 61.Kxg7 Kxf5 62.h6

[Event "VII OPEN AMATEUR CALVIA"]
[Site "Calvia - Mallorca (España)"]
[Date "2010.10.11"]
[Round "3"]
[Board "1"]
[White "Mozelius, Peter"]
[Black "Du Plessis, Heinco"]
[Result "0-1"]
[WhiteElo "1905"]
[BlackElo "2108"]
[PlyCount "87"]
[EventDate "2010.10.09"]
[EventRounds "9"]
[EventCountry "ESP"]

1.d4 d5 2.Nc3 Nf6 3.Bg5 Bf5 4.e3 e6 5.a3 c5 6.Bd3 Bg6 7.Nf3 Nc6 8.Ne5 a6 9.O-O
Qc7 10.f4 Nd7 11.Nf3 Bh5 12.Be2 h6 13.Bh4 Bxf3 14.Rxf3 cxd4 15.exd4 Nxd4 16.Rf1
Bc5 17.Kh1 Nf5 18.Bf2 O-O 19.Bd3 Nd6 20.Bg3 f5 21.Qe2 Rfe8 22.Rae1 Nf6 23.Bh4
Bd4 24.Bxf6 Bxf6 25.Qd2 Rad8 26.Nd1 Ne4 27.Qe2 Bh4 28.Qf3 Bxe1 29.Rxe1 b5 30.c3
Rb8 31.g4 a5 32.Ne3 Qd7 33.Rg1 b4 34.g5 hxg5 35.fxg5 g6 36.Bxe4 dxe4 37.Qg3 bxc3
38.bxc3 Qe7 39.Nc4 Rbc8 40.Ne5 Kg7 41.h4 Qxa3 42.Qe3 Rxc3 43.Qa7+ Re7 44.Qd4

[Event "VII OPEN AMATEUR CALVIA"]
[Site "Calvia - Mallorca (España)"]
[Date "2010.10.11"]
[Round "3"]
[Board "1"]
[White "Marret, Benjamin"]
[Black "Hvenekilde, Jorgen"]
[Result "1/2-1/2"]
[WhiteElo "1895"]
[BlackElo "2107"]
[PlyCount "46"]
[EventDate "2010.10.09"]
[EventRounds "9"]
[EventCountry "ESP"]

1.d4 d6 2.Nf3 g6 3.g3 Nf6 4.Bg2 Bg7 5.O-O O-O 6.c4 Nc6 7.Nc3 Bf5 8.Re1 Ne4 9.Nh4
Nxc3 10.bxc3 Bd7 11.e4 Na5 12.Qd3 c5 13.d5 Qb6 14.Rb1 Qa6 15.Bf1 e5 16.Rb2 b6
17.f3 Rae8 18.Rf2 Qc8 19.Be2 a6 20.Qb1 Qc7 21.Bd3 Rb8 22.Rb2 Rb7 23.Qc2 b5

[Event "VII OPEN AMATEUR CALVIA"]
[Site "Calvia - Mallorca (España)"]
[Date "2010.10.11"]
[Round "3"]
[Board "1"]
[White "Korhonen, Pasi"]
[Black "Carranza Pons, Ricardo Nelson"]
[Result "1/2-1/2"]
[WhiteElo "2101"]
[BlackElo "1853"]
[PlyCount "126"]
[EventDate "2010.10.09"]
[EventRounds "9"]
[EventCountry "ESP"]

1.e4 c5 2.Nf3 d6 3.d4 cxd4 4.Nxd4 Nf6 5.Nc3 g6 6.Be3 Bg7 7.f3 Nc6 8.Qd2 O-O
9.O-O-O Bd7 10.g4 Nxd4 11.Bxd4 Qa5 12.Kb1 Be6 13.Bxf6 exf6 14.Nd5 Qxd2 15.Rxd2
Bxd5 16.Rxd5 Rfd8 17.h4 Rac8 18.Bh3 Rc5 19.Rhd1 Rxd5 20.Rxd5 Kf8 21.a4 Ke7 22.c4
Rc8 23.b3 Rc5 24.Rd3 a5 25.Kc2 Bh6 26.Kc3 Bf4 27.b4 axb4+ 28.Kxb4 h6 29.Kb3 g5
30.h5 Kd7 31.Kb4 Ke6 32.Bf1 b6 33.Be2 Ke7 34.Rd5 Be3 35.Bd1 Ke6 36.Rd3 Bf4
37.Bb3 Ke7 38.Ba2 Ke6 39.Kc3 Kd7 40.Kc2 Ke7 41.Rc3 Kd7 42.Kd3 Kc6 43.Bb1 Kc7
44.Bc2 Kc6 45.Rb3 Be5 46.Rb1 Bf4 47.Kc3 Be5+ 48.Kb3 Bf4 49.Rd1 Be5 50.Kb4 Bf4
51.Rd5 Be3 52.Rd1 Bf4 53.Rd3 Kc7 54.Rd5 Be3 55.Bb3 Rxd5 56.exd5 Bc5+ 57.Kb5 Kd7
58.Bc2 Kc7 59.Bg6 Kd7 60.Bxf7 Ke7 61.Be6 Ke8 62.a5 bxa5 63.Kxa5 Kd8

[Event "VII OPEN AMATEUR CALVIA"]
[Site "Calvia - Mallorca (España)"]
[Date "2010.10.11"]
[Round "3"]
[Board "1"]
[White "Minescu, Dragos-Olivar"]
[Black "Gallardo Pina, Neus"]
[Result "1-0"]
[WhiteElo "2098"]
[BlackElo "1840"]
[PlyCount "85"]
[EventDate "2010.10.09"]
[EventRounds "9"]
[EventCountry "ESP"]

1.c4 c5 2.Nc3 g6 3.g3 Bg7 4.Bg2 Nf6 5.e4 d6 6.Nge2 Nc6 7.d3 O-O 8.h3 a6 9.Be3
Rb8 10.d4 cxd4 11.Nxd4 Qc7 12.b3 b5 13.Nxc6 Qxc6 14.O-O Bb7 15.Nd5 Nxd5 16.cxd5
Qc3 17.Rc1 Qa5 18.Qd2 Qxd2 19.Bxd2 Rfc8 20.Rxc8+ Rxc8 21.Rc1 Rxc1+ 22.Bxc1 f5
23.exf5 gxf5 24.Be3 Kf7 25.f4 Bc8 26.Bf3 e5 27.dxe6+ Kxe6 28.g4 Ke7 29.g5 Ke6
30.Kf2 d5 31.Bc5 Bb2 32.h4 Bd7 33.h5 Be8 34.b4 Bf7 35.Ke2 Bc1 36.Be3 Ba3 37.Bd2
Kd6 38.Kd3 Bb2 39.Bc3 Bc1 40.Be5+ Kc6 41.Kc2 Be3 42.a3 Be8 43.g6

[Event "VII OPEN AMATEUR CALVIA"]
[Site "Calvia - Mallorca (España)"]
[Date "2010.10.11"]
[Round "3"]
[Board "1"]
[White "Mulligan, Stephen"]
[Black "Ramon Sanchez Campins, Pedro"]
[Result "1/2-1/2"]
[WhiteElo "2098"]
[BlackElo "1768"]
[PlyCount "38"]
[EventDate "2010.10.09"]
[EventRounds "9"]
[EventCountry "ESP"]

1.d4 Nf6 2.Nf3 e6 3.Bf4 d5 4.e3 c6 5.c3 Nbd7 6.Nbd2 Be7 7.h3 Qb6 8.Qc2 Nf8 9.Be2
Ng6 10.Bh2 Bd7 11.Bd3 c5 12.O-O Rc8 13.Rfe1 Bb5 14.Bxb5+ Qxb5 15.Qb3 Qc6 16.a4
O-O 17.Rac1 c4 18.Qc2 Bd6 19.Bxd6 Qxd6

[Event "VII OPEN AMATEUR CALVIA"]
[Site "Calvia - Mallorca (España)"]
[Date "2010.10.11"]
[Round "3"]
[Board "1"]
[White "Moreno Mateos, Jose Luis"]
[Black "Lechado Artigues, Pedro"]
[Result "1/2-1/2"]
[WhiteElo "1882"]
[BlackElo "2096"]
[PlyCount "114"]
[EventDate "2010.10.09"]
[EventRounds "9"]
[EventCountry "ESP"]

1.d4 Nf6 2.c4 g6 3.Nc3 Bg7 4.e4 d6 5.f4 O-O 6.Nf3 c5 7.d5 Re8 8.Be2 e6 9.Nd2
exd5 10.cxd5 c4 11.O-O Nbd7 12.Qa4 Nb6 13.Qc2 Ng4 14.Bxg4 Bxg4 15.f5 Bd4+ 16.Kh1
Qh4 17.fxg6 hxg6 18.Nf3 Bxf3 19.gxf3 Kg7 20.Qg2 Rh8 21.Bg5 Qh3 22.Bf4 Qd7
23.Rad1 Bf6 24.Ne2 Rh5 25.Ng3 Rh7 26.Nf5+ Kh8 27.Nxd6 Be7 28.e5 Bxd6 29.exd6 Rh5
30.Qg4 Qb5 31.Rfe1 Nxd5 32.Re5 Rxe5 33.Bxe5+ Kg8 34.Qd4 f6 35.Bxf6 Nxf6 36.Qxf6
Qf5 37.Qxf5 gxf5 38.Kg2 Kf7 39.Kg3 Ke6 40.Kf4 b5 41.d7 Rd8 42.h4 b4 43.Rd4 c3
44.Rxb4 cxb2 45.Rxb2 Rxd7 46.h5 Kf6 47.h6 Rd4+ 48.Kg3 Kg6 49.h7 Kxh7 50.Rb7+ Kg6
51.Rxa7 Kg5 52.Ra5 Rd3 53.Kf2 Rc3 54.Kg3 Rd3 55.Ra8 f4+ 56.Kf2 Rd2+ 57.Ke1 Rb2

[Event "VII OPEN AMATEUR CALVIA"]
[Site "Calvia - Mallorca (España)"]
[Date "2010.10.11"]
[Round "3"]
[Board "1"]
[White "Castell Cantero, Salvador"]
[Black "De Esteban De Esteban, Valentin"]
[Result "1-0"]
[WhiteElo "2059"]
[BlackElo "1796"]
[PlyCount "37"]
[EventDate "2010.10.09"]
[EventRounds "9"]
[EventCountry "ESP"]

1.d4 d5 2.Nf3 e6 3.Bf4 Bd6 4.Bxd6 Qxd6 5.c3 Ne7 6.Nbd2 O-O 7.e4 dxe4 8.Nxe4 Qf4
9.Bd3 b6 10.g3 Qf5 11.Neg5 Qg4 12.h3 Qh5 13.Nxh7 Bb7 14.g4 Qd5 15.Nhg5 f5 16.Rg1
Ng6 17.gxf5 exf5 18.Qa4 Bc6 19.Bc4

[Event "VII OPEN AMATEUR CALVIA"]
[Site "Calvia - Mallorca (España)"]
[Date "2010.10.11"]
[Round "3"]
[Board "1"]
[White "Sjogren, Stig"]
[Black "Dzubasz, Tino"]
[Result "0-1"]
[WhiteElo "1842"]
[BlackElo "2039"]
[PlyCount "58"]
[EventDate "2010.10.09"]
[EventRounds "9"]
[EventCountry "ESP"]

1.f4 Nf6 2.Nf3 g6 3.g3 Bg7 4.Bg2 c5 5.d3 d5 6.e3 Nc6 7.O-O O-O 8.Nc3 Rb8 9.Rb1
Qc7 10.Nb5 Qa5 11.Nc3 d4 12.exd4 cxd4 13.Ne2 Qxa2 14.Bd2 Ng4 15.h3 Ne3 16.Bxe3
dxe3 17.c3 Rd8 18.Qc2 Qa6 19.Rfd1 Bf5 20.Ne1 h5 21.b4 b5 22.Bf3 Bxh3 23.Kh2 Bf5
24.Ng2 Qb6 25.Nh4 e6 26.Nxf5 exf5 27.Nc1 Rbc8 28.Ne2 Nd4 29.Nxd4 Qxd4

[Event "VII OPEN AMATEUR CALVIA"]
[Site "Calvia - Mallorca (España)"]
[Date "2010.10.11"]
[Round "3"]
[Board "1"]
[White "Navarrete Terrasa, Sebastian"]
[Black "Orcera Gomez, Francisco"]
[Result "1-0"]
[WhiteElo "1997"]
[BlackElo "1764"]
[PlyCount "72"]
[EventDate "2010.10.09"]
[EventRounds "9"]
[EventCountry "ESP"]

1.e4 c5 2.Nc3 Nc6 3.g3 Nf6 4.Bg2 g6 5.d3 Bg7 6.Be3 d6 7.h3 Qb6 8.Qc1 Bd7 9.Nf3
a6 10.O-O Nd4 11.Kh2 Nxf3+ 12.Bxf3 O-O 13.Nd1 Bc6 14.c4 Nd7 15.g4 e6 16.Bh6 f5
17.gxf5 exf5 18.Bxg7 Kxg7 19.Bg2 Ne5 20.f4 Nd7 21.Ne3 Rae8 22.Qc3+ Kg8 23.Rae1
fxe4 24.dxe4 Qd8 25.f5 Ne5 26.fxg6 hxg6 27.Nd5 Bxd5 28.exd5 Qh4 29.Re4 Qh5
30.Ref4 Rxf4 31.Rxf4 g5 32.Qg3 Kh8 33.Rf6 Nxc4 34.b3 Re3 35.Bf3 g4 36.Bxg4 Qe5
{tiempo}

[Event "VII OPEN AMATEUR CALVIA"]
[Site "Calvia - Mallorca (España)"]
[Date "2010.10.11"]
[Round "3"]
[Board "1"]
[White "Alemany Jara, Alejandro"]
[Black "Strand, Oyvin"]
[Result "1/2-1/2"]
[WhiteElo "1835"]
[BlackElo "1978"]
[PlyCount "73"]
[EventDate "2010.10.09"]
[EventRounds "9"]
[EventCountry "ESP"]

1.e4 g6 2.d4 Bg7 3.c4 d6 4.Nc3 Nd7 5.Nf3 e6 6.Be2 Ne7 7.O-O O-O 8.Be3 b6 9.Rc1
c6 10.b4 Qc7 11.Qd2 a5 12.a3 f5 13.Bg5 fxe4 14.Bxe7 exf3 15.Bxf3 Re8 16.Bg5 Bb7
17.Rfe1 axb4 18.axb4 Nf8 19.Ne4 d5 20.Nf6+ Bxf6 21.Bxf6 Qf7 22.Be5 Nd7 23.b5 c5
24.Rcd1 Nxe5 25.Rxe5 dxc4 26.Bxb7 Qxb7 27.dxc5 bxc5 28.Rxc5 Qb6 29.Rxc4 Qxb5
30.Rd4 Ra7 31.h3 Qb3 32.Qh6 Rf7 33.R4d3 Qb6 34.Qe3 Qxe3 35.Rxe3 Rfe7 36.Rde1 Kf7
37.Kh2

[Event "VII OPEN AMATEUR CALVIA"]
[Site "Calvia - Mallorca (España)"]
[Date "2010.10.11"]
[Round "3"]
[Board "1"]
[White "Hermida Izquierdo, Miguel Angel"]
[Black "Puroila, Sippo"]
[Result "0-1"]
[WhiteElo "1774"]
[BlackElo "1950"]
[PlyCount "68"]
[EventDate "2010.10.09"]
[EventRounds "9"]
[EventCountry "ESP"]

1.c4 e6 2.Nc3 d5 3.cxd5 exd5 4.d4 Nf6 5.g3 Be7 6.Bg2 c6 7.Nf3 O-O 8.O-O Nbd7
9.Qc2 Re8 10.a4 a5 11.Bd2 Bb4 12.e3 Qe7 13.Na2 Bd6 14.Nc1 b6 15.Qxc6 Ba6 16.Qc2
Bxf1 17.Bxf1 Ne4 18.Be1 Rec8 19.Qb3 Qe6 20.Nd3 Rc7 21.Nf4 Bxf4 22.exf4 h6 23.Nd2
Rac8 24.Ba6 Rc1 25.Qe3 Nxd2 26.Bxc8 Rxa1 27.Qxe6 fxe6 28.Kg2 Rxe1 29.Bxd7 Kf7
30.f5 exf5 31.Bxf5 Nb3 32.Bd7 Nxd4 33.f4 Re2+ 34.Kf1 Rxh2

[Event "VII OPEN AMATEUR CALVIA"]
[Site "Calvia - Mallorca (España)"]
[Date "2010.10.11"]
[Round "3"]
[Board "1"]
[White "Sokalsky, Alexander"]
[Black "Christiansen, Johan-Sebastian"]
[Result "1/2-1/2"]
[WhiteElo "2226"]
[BlackElo "1899"]
[PlyCount "87"]
[EventDate "2010.10.09"]
[EventRounds "9"]
[EventCountry "ESP"]

1.Nf3 Nf6 2.d4 e6 3.g3 b6 4.Bg2 Bb7 5.O-O g6 6.c4 Bg7 7.Nc3 O-O 8.b3 Ne4 9.Bb2
c5 10.Na4 Nc6 11.dxc5 Bxb2 12.Nxb2 Nxc5 13.Nd3 Ne4 14.Rc1 Qe7 15.Nd2 Nxd2
16.Qxd2 Rfd8 17.Nf4 Na5 18.Bxb7 Nxb7 19.Rfd1 Rac8 20.Qb2 Na5 21.Rc2 Nc6 22.Rcd2
Rc7 23.h4 h5 24.Kg2 Na5 25.Kh2 Nb7 26.Kg2 Nc5 27.f3 Nb7 28.Nh3 Rc5 29.Ng5 d5
30.cxd5 Rcxd5 31.Ne4 Rxd2 32.Rxd2 Rxd2 33.Qxd2 Nc5 34.Qb4 Kf8 35.Qd4 e5 36.Qd5
Nxe4 37.Qxe4 f5 38.Qd5 Kg7 39.Qc6 f4 40.Qe4 fxg3 41.Kxg3 Qc5 42.Kg2 Qe7 43.Kg3
Qc5 44.Kg2

[Event "VII OPEN AMATEUR CALVIA"]
[Site "Calvia - Mallorca (España)"]
[Date "2010.10.11"]
[Round "3"]
[Board "1"]
[White "Simo Bordoy, Guillermo"]
[Black "Oliver Amengual, Adria"]
[Result "0-1"]
[WhiteElo "2025"]
[BlackElo "1866"]
[PlyCount "61"]
[EventDate "2010.10.09"]
[EventRounds "9"]
[EventCountry "ESP"]

1.e4 e5 2.Bc4 Nf6 3.d3 Bc5 4.Nf3 d6 5.c3 Bb6 6.Nbd2 Nc6 7.O-O O-O 8.Re1 Be6
9.Nf1 Ng4 10.Re2 Bxc4 11.dxc4 f5 12.Ng5 Qd7 13.b4 h6 14.Nh3 Qf7 15.exf5 Qxf5
16.c5 dxc5 17.bxc5 Ba5 18.f3 Rad8 19.Bd2 Nf6 20.Nf2 Kh8 21.Ng3 Qe6 22.Qc1 Qc4
23.Bxh6 gxh6 24.Qxh6+ Nh7 25.Nh5 Rd7 26.Re4 Qxc5 27.Rh4 Bb6 28.Nf6 Qxf2+ 29.Kh1
Qxh4 30.Qxh4 Rxf6 31.h3

[Event "VII OPEN AMATEUR CALVIA"]
[Site "Calvia - Mallorca (España)"]
[Date "2010.10.11"]
[Round "3"]
[Board "1"]
[White "Sanchez Martinez, Miguel Angel"]
[Black "Cemborain Oricain, Alfonso"]
[Result "0-1"]
[WhiteElo "1745"]
[BlackElo "1987"]
[PlyCount "50"]
[EventDate "2010.10.09"]
[EventRounds "9"]
[EventCountry "ESP"]

1.d4 d5 2.c4 c6 3.e3 Nf6 4.Nf3 e6 5.Nc3 Bd6 6.b3 O-O 7.Bb2 Nbd7 8.Rc1 Qe7 9.Bd3
dxc4 10.Bxc4 e5 11.d5 e4 12.Nd4 Ne5 13.dxc6 bxc6 14.Be2 a6 15.O-O Rd8 16.Qe1 c5
17.Nc2 Nd3 18.Bxd3 exd3 19.Qd2 dxc2 20.Qxc2 Bb7 21.Na4 Bxh2+ 22.Kxh2 Ng4+ 23.Kg3
Qg5 24.Qxc5 Ne5+ 25.Kh3 Qxg2+

[Event "VII OPEN AMATEUR CALVIA"]
[Site "Calvia - Mallorca (España)"]
[Date "2010.10.11"]
[Round "3"]
[Board "1"]
[White "Veras Sanz, Jose Antonio"]
[Black "Torner Planell, Jordi"]
[Result "0-1"]
[WhiteElo "1715"]
[BlackElo "1966"]
[PlyCount "52"]
[EventDate "2010.10.09"]
[EventRounds "9"]
[EventCountry "ESP"]

1.e4 d6 2.d4 Nf6 3.Nc3 Nbd7 4.Bc4 e5 5.dxe5 Nxe5 6.Bb3 Be7 7.Bg5 c6 8.Qd2 h6
9.Bxf6 Bxf6 10.O-O-O O-O 11.f4 Bg4 12.Nge2 Qb6 13.h3 Bxe2 14.Nxe2 Rad8 15.g4 Nd7
16.g5 hxg5 17.fxg5 Be5 18.g6 d5 19.gxf7+ Rxf7 20.exd5 Nc5 21.Qe3 Bxb2+ 22.Kb1
cxd5 23.Rxd5 Rxd5 24.Qe8+ Kh7 25.Qxf7 Nxb3 26.Qxd5 Nd2+

[Event "VII OPEN AMATEUR CALVIA"]
[Site "Calvia - Mallorca (España)"]
[Date "2010.10.11"]
[Round "3"]
[Board "1"]
[White "Hjerten, Teo"]
[Black "Driessen Llado, Pedro"]
[Result "1-0"]
[WhiteElo "1977"]
[BlackElo "1596"]
[PlyCount "93"]
[EventDate "2010.10.09"]
[EventRounds "9"]
[EventCountry "ESP"]

1.d4 Nf6 2.Nf3 e6 3.c4 b6 4.g3 Bb4+ 5.Bd2 Be7 6.Bg2 Bb7 7.Nc3 O-O 8.O-O d5 9.Ne5
c5 10.cxd5 cxd4 11.d6 Bxg2 12.dxe7 Qxe7 13.Kxg2 dxc3 14.Bxc3 Rd8 15.Qa4 Qb7+
16.f3 Nd5 17.Qh4 Nc6 18.Nxc6 Qxc6 19.Bd4 e5 20.Bf2 f6 21.Rac1 Qb5 22.e4 Nb4
23.Qg4 Rd7 24.Qe6+ Kf8 25.Qb3 Rd3 26.Qe6 Qd7 27.Qc4 a5 28.Bxb6 Rd2+ 29.Kg1 Nd3
30.Bc5+ Nxc5 31.Qxc5+ Ke8 32.Rf2 Rxf2 33.Qxf2 Qd4 34.Qxd4 exd4 35.Kf2 Ke7 36.Ke2
Rb8 37.Rc2 Rb4 38.Kd3 Kd6 39.b3 g5 40.Rc4 Rxc4 41.Kxc4 Ke5 42.Kd3 h5 43.a3 h4
44.b4 axb4 45.axb4 h3 46.b5 Kd6 47.Kxd4

[Event "VII OPEN AMATEUR CALVIA"]
[Site "Calvia - Mallorca (España)"]
[Date "2010.10.11"]
[Round "3"]
[Board "1"]
[White "Tart, Peter K"]
[Black "Gomez Lozano, Santiago"]
[Result "1-0"]
[WhiteElo "1948"]
[BlackElo "1556"]
[PlyCount "43"]
[EventDate "2010.10.09"]
[EventRounds "9"]
[EventCountry "ESP"]

1.e4 c5 2.Nc3 Nc6 3.Bb5 e6 4.Bxc6 bxc6 5.f4 Ne7 6.d3 d5 7.e5 Nf5 8.Nf3 Be7 9.O-O
Qb6 10.Na4 Qa5 11.b3 Ba6 12.Bd2 Qc7 13.c4 Rd8 14.Qe1 Qb8 15.Qf2 d4 16.g4 Nh6
17.h3 f6 18.exf6 gxf6 19.f5 Bf8 20.fxe6 Qd6 21.Qh4 Ng8 22.Qh5+

[Event "VII OPEN AMATEUR CALVIA"]
[Site "Calvia - Mallorca (España)"]
[Date "2010.10.11"]
[Round "3"]
[Board "1"]
[White "Solsona Manonelles, Josep"]
[Black "Masso Catala, Joan"]
[Result "1-0"]
[WhiteElo "1778"]
[BlackElo "1534"]
[PlyCount "124"]
[EventDate "2010.10.09"]
[EventRounds "9"]
[EventCountry "ESP"]

1.d4 Nf6 2.c4 c5 3.d5 b5 4.Qc2 bxc4 5.e4 d6 6.Bxc4 g6 7.Ne2 Bg7 8.O-O O-O 9.Nbc3
Nbd7 10.b3 Nb6 11.Bb2 Bd7 12.a4 Rb8 13.Ra2 Nxc4 14.bxc4 Rb7 15.f3 Qc7 16.Rb1
Rfb8 17.Ba1 Rb4 18.Rxb4 cxb4 19.Nb5 Qb7 20.Qb3 a6 21.Nbd4 Qa7 22.Kh1 Qc5 23.Bc3
e6 24.Bd2 Qa5 25.dxe6 fxe6 26.Nc2 Qh5 27.Ng3 Qe5 28.a5 d5 29.f4 Qc7 30.cxd5 exd5
31.e5 Ng4 32.h3 Nf2+ 33.Kg1 Nd1 34.Qxd5+ Kh8 35.Nxb4 Bb5 36.Qd6 Qxd6 37.exd6 Rd8
38.Ne4 Nb2 39.Bc3 Nc4 40.Bxg7+ Kxg7 41.Ra1 Kf7 42.Rd1 Nxa5 43.Nc5 Nc4 44.Nbxa6
Rxd6 45.Rxd6 Nxd6 46.Nc7 Bc4 47.Na8 Kf6 48.Nb6 Ba2 49.g4 h5 50.Nbd7+ Ke7 51.g5
Be6 52.Nxe6 Kxe6 53.Ne5 Kf5 54.Kg2 Nc8 55.Kg3 Ne7 56.Nf3 Nd5 57.Nh4+ Ke6 58.Nxg6
Kf5 59.Nh4+ Ke6 60.Ng2 Nc3 61.Kh4 Kf5 62.Kxh5 Nd5

[Event "VII OPEN AMATEUR CALVIA"]
[Site "Calvia - Mallorca (España)"]
[Date "2010.10.12"]
[Round "4"]
[Board "1"]
[White "Renteria, Jorge"]
[Black "Lind, Jan-Olof"]
[Result "0-1"]
[WhiteElo "2266"]
[BlackElo "2213"]
[PlyCount "168"]
[EventDate "2010.10.09"]
[EventRounds "9"]
[EventCountry "ESP"]

1.e4 c5 2.Nf3 e6 3.d4 cxd4 4.Nxd4 a6 5.c4 Nf6 6.Nc3 d6 7.Be2 Be7 8.O-O O-O 9.Be3
Qc7 10.Rc1 b6 11.f3 Bb7 12.Kh1 Nbd7 13.Qe1 Rac8 14.Qg3 Rfe8 15.Qh3 Bf8 16.b3 Qb8
17.Bg1 g6 18.Bd3 Bg7 19.Bb1 Nc5 20.Rfd1 Nh5 21.Be3 d5 22.b4 e5 23.Nf5 d4 24.bxc5
gxf5 25.Qxh5 f4 26.Bf2 dxc3 27.cxb6 Rxc4 28.Rd7 Rf8 29.Bc2 Bc8 30.Bb3 Bxd7
31.Bxc4 Qd6 32.Rxc3 Qd2 33.b7 Qxc3 34.Qxf7+ Rxf7 35.b8=Q+ Bf8 36.Bxf7+ Kxf7
37.h3 Bg7 38.Qd8 Qc8 39.Qb6 Kg8 40.Bh4 Bc6 41.Kh2 h6 42.Be7 Kh7 43.Qb4 Qb7
44.Qd6 Qd7 45.Qa3 a5 46.Bf8 Bxf8 47.Qxf8 Qe6 48.a3 a4 49.Qc5 Bd7 50.Qb4 Kg7
51.Qc5 Kf7 52.Qb4 Qe7 53.Qc4+ Kg7 54.Qc7 Kf8 55.Qc3 Be8 56.Qc8 Qd6 57.Qc3 Bc6
58.Qa5 Ke7 59.Qa7+ Bd7 60.Qa5 h5 61.Qc3 h4 62.Qe1 Qxa3 63.Qxh4+ Kd6 64.Qf6+ Kc7
65.Qxe5+ Qd6 66.Qa5+ Kb7 67.e5 Qe7 68.Kg1 a3 69.Kf2 Be6 70.g3 fxg3+ 71.Kxg3 a2
72.f4 Qc7 73.Qa3 Qg7+ 74.Kf2 Bd5 75.Qb2+ Ka8 76.Qa1 Qb7 77.e6 Bxe6 78.Ke2 Qb1
79.Qh8+ Kb7 80.Qg7+ Ka6 81.Qh8 a1=Q 82.Qa8+ Kb6 83.Qb8+ Kc6 84.Qe8+ Bd7

[Event "VII OPEN AMATEUR CALVIA"]
[Site "Calvia - Mallorca (España)"]
[Date "2010.10.12"]
[Round "4"]
[Board "1"]
[White "Karlsson, Jorgen"]
[Black "Massanet Massanet, Sebastian"]
[Result "1/2-1/2"]
[WhiteElo "2153"]
[BlackElo "2260"]
[PlyCount "134"]
[EventDate "2010.10.09"]
[EventRounds "9"]
[EventCountry "ESP"]

1.a3 d5 2.g3 Nf6 3.Bg2 e6 4.d3 Be7 5.Nd2 O-O 6.Ngf3 c5 7.O-O Nc6 8.c3 b5 9.e4 a5
10.e5 Nd7 11.Re1 Rb8 12.Nf1 b4 13.axb4 cxb4 14.h4 bxc3 15.bxc3 Nc5 16.Bg5 Ba6
17.d4 Nd3 18.Re3 Nb2 19.Qc2 h6 20.Bxe7 Qxe7 21.Ra2 Nc4 22.Re1 Rb6 23.N1d2 Rfb8
24.Rea1 Rb2 25.Qc1 Qb7 26.Bf1 Rxa2 27.Rxa2 Nxd2 28.Nxd2 Bxf1 29.Kxf1 Qb5+ 30.Kg2
Rc8 31.Qf1 Qb6 32.Qb1 Qa6 33.Qf1 Qa8 34.Nb3 Rb8 35.Nc5 Rb6 36.Qa1 Qc8 37.f4 Rb5
38.Rb2 Qb8 39.Na4 Kf8 40.Qb1 Na7 41.Rxb5 Qxb5 42.Qxb5 Nxb5 43.Kf3 Na3 44.g4 Nc4
45.f5 Ke7 46.Kf4 f6 47.exf6+ gxf6 48.fxe6 Kxe6 49.Nc5+ Kf7 50.Na4 Kg6 51.h5+ Kf7
52.Kf3 f5 53.gxf5 Kf6 54.Kf4 Nd6 55.Nb6 Nxf5 56.Nxd5+ Ke6 57.Nb6 Ng7 58.Kg4 Kd6
59.Nc4+ Kc6 60.Nxa5+ Kb5 61.Nb7 Kc4 62.Nd8 Kxc3 63.d5 Kc4 64.d6 Kd5 65.Nf7 Ke6
66.Nxh6 Nxh5 67.Kxh5 Kxd6

[Event "VII OPEN AMATEUR CALVIA"]
[Site "Calvia - Mallorca (España)"]
[Date "2010.10.12"]
[Round "4"]
[Board "1"]
[White "Andersen, Lars Even"]
[Black "Holm, Kristian Stuvik"]
[Result "1/2-1/2"]
[WhiteElo "2237"]
[BlackElo "2151"]
[PlyCount "38"]
[EventDate "2010.10.09"]
[EventRounds "9"]
[EventCountry "ESP"]

1.Nf3 c5 2.c4 g6 3.Nc3 Nc6 4.g3 Bg7 5.Bg2 Nf6 6.d4 cxd4 7.Nxd4 O-O 8.e3 Qb6
9.O-O d6 10.b3 Bd7 11.Bb2 Rac8 12.Qd2 Qa5 13.Rfd1 Qh5 14.Qe2 Bg4 15.f3 Bd7
16.Rac1 Ne5 17.Nd5 Nxd5 18.cxd5 a6 19.Rxc8 Rxc8